000
00317nam a22001337a 4500
008
170531b xxu||||| |||| 00| 0 eng d
020
_a
9780688170684
041
_a
eng
080
_a
93
100
_a
17
101
_a
SHH
245
_a
DIRTY LITTLE SECRETS OF THE TWENTIETH CENTURY
_c
DUNNIGAN, J.F
942
_2
udc
_c
BK
999
_c
15169
_d
15169